| 000 | 00643nam a22002172 4500 | ||
|---|---|---|---|
| 001 | 0000001349 | ||
| 005 | 20151021151052.0 | ||
| 008 | 070305s xx 000 0 eng d | ||
| 020 | _a0273649280 : | ||
| 040 |
_aKABU _cKABU |
||
| 050 | 0 |
_aHB615 _b.B57 |
|
| 100 | 1 |
_aBirley, Sue. _@0000149993 |
|
| 245 | 1 | 0 |
_aMastering entrepreneurship / _cSue Birley, Daniel F. Muzyka. |
| 260 |
_aLondon : _bPrentice Hall, _c2000. |
||
| 300 | _axiv, 418 p. | ||
| 650 | 0 |
_aEntrepreneurship. _@0000148283 |
|
| 700 | 1 |
_aMuzyka, Daniel F. _@0000149994 |
|
| 852 | 1 | _9p3900 KES | |
| 908 | _a070305 | ||
| 950 | _@1 | ||
| 999 |
_c337 _d337 |
||